<?xml version="1.0" encoding="UTF-8"?><?xml-stylesheet type="text/xsl" href="static/style.xsl"?><OAI-PMH xmlns="http://www.openarchives.org/OAI/2.0/" xmlns:xsi="http://www.w3.org/2001/XMLSchema-instance" xsi:schemaLocation="http://www.openarchives.org/OAI/2.0/ http://www.openarchives.org/OAI/2.0/OAI-PMH.xsd"><responseDate>2026-04-27T21:50:22Z</responseDate><request verb="GetRecord" identifier="oai:uvadoc.uva.es:10324/41367" metadataPrefix="marc">https://uvadoc.uva.es/oai/request</request><GetRecord><record><header><identifier>oai:uvadoc.uva.es:10324/41367</identifier><datestamp>2025-02-21T10:37:31Z</datestamp><setSpec>com_10324_1181</setSpec><setSpec>com_10324_931</setSpec><setSpec>com_10324_894</setSpec><setSpec>col_10324_1387</setSpec></header><metadata><record xmlns="http://www.loc.gov/MARC21/slim" xmlns:doc="http://www.lyncode.com/xoai" xmlns:xsi="http://www.w3.org/2001/XMLSchema-instance" xmlns:dcterms="http://purl.org/dc/terms/" xsi:schemaLocation="http://www.loc.gov/MARC21/slim http://www.loc.gov/standards/marcxml/schema/MARC21slim.xsd">
<leader>00925njm 22002777a 4500</leader>
<datafield tag="042" ind1=" " ind2=" ">
<subfield code="a">dc</subfield>
</datafield>
<datafield tag="720" ind1=" " ind2=" ">
<subfield code="a">Arranz Sanz, Eduardo</subfield>
<subfield code="e">author</subfield>
</datafield>
<datafield tag="720" ind1=" " ind2=" ">
<subfield code="a">Peña, A. S.</subfield>
<subfield code="e">author</subfield>
</datafield>
<datafield tag="720" ind1=" " ind2=" ">
<subfield code="a">Bernardo Ordiz, David</subfield>
<subfield code="e">author</subfield>
</datafield>
<datafield tag="260" ind1=" " ind2=" ">
<subfield code="c">2013</subfield>
</datafield>
<datafield tag="520" ind1=" " ind2=" ">
<subfield code="a">The gastrointestinal tract is continuously exposed to foreign antigens—mainly derived from the commensal microbiota and food antigens—but occasionally to those derived from invading bacteria, viruses, and tumoral antigens. Therefore, the immune system of the gut has a unique capacity to balance the mechanisms of tolerance in health and those creating a proper defensive immune response in disease. Changes in such delicate balance are usually linked to the development of gastrointestinal pathology. Despite its central role in human health and disease, most of the current knowledge of mucosal immunology of the gastrointestinal tract is mainly obtained from experimental murine models. Although the mechanisms of intestinal immunity in mouse and human have similar output, the specific pathways through which they are elicited are different [1, 2]. It is essential to fill in this gap in our current knowledge of the human immune system of the gastrointestinal tract in order to understand the pathogenesis and be able to design rational therapies to manage acute and chronic inflammatory gastrointestinal disease. In this special issue, we aimed to gain depth into the current understanding of immune processes in the human gastrointestinal tract in health and disease by selecting work in progress of active investigators in the field.</subfield>
</datafield>
<datafield tag="024" ind2=" " ind1="8">
<subfield code="a">Mediators of Inflammation,Volume 2013, 2013, ID 865638, 3 pages</subfield>
</datafield>
<datafield tag="024" ind2=" " ind1="8">
<subfield code="a">0962-9351</subfield>
</datafield>
<datafield tag="024" ind2=" " ind1="8">
<subfield code="a">http://uvadoc.uva.es/handle/10324/41367</subfield>
</datafield>
<datafield tag="024" ind2=" " ind1="8">
<subfield code="a">10.1155/2013/865638</subfield>
</datafield>
<datafield tag="024" ind2=" " ind1="8">
<subfield code="a">1</subfield>
</datafield>
<datafield tag="024" ind2=" " ind1="8">
<subfield code="a">3</subfield>
</datafield>
<datafield tag="024" ind2=" " ind1="8">
<subfield code="a">Mediators of Inflammation</subfield>
</datafield>
<datafield tag="024" ind2=" " ind1="8">
<subfield code="a">2013</subfield>
</datafield>
<datafield tag="024" ind2=" " ind1="8">
<subfield code="a">1466-1861</subfield>
</datafield>
<datafield tag="245" ind1="0" ind2="0">
<subfield code="a">Mediators of Inflammation and Immune Responses in the Human Gastrointestinal Tract</subfield>
</datafield>
</record></metadata></record></GetRecord></OAI-PMH>